<?xml version="1.0" encoding="UTF-8"?>
<record
    xmlns:xsi="http://www.w3.org/2001/XMLSchema-instance"
    xsi:schemaLocation="http://www.loc.gov/MARC21/slim http://www.loc.gov/standards/marcxml/schema/MARC21slim.xsd"
    xmlns="http://www.loc.gov/MARC21/slim">

  <leader>04598cam a2200829 i 4500</leader>
  <controlfield tag="001">0006935862</controlfield>
  <controlfield tag="003">OSt</controlfield>
  <controlfield tag="005">20260331192729.0</controlfield>
  <controlfield tag="008">221216m20239999quca   j      000 f fre  </controlfield>
  <datafield tag="020" ind1=" " ind2=" ">
    <subfield code="a">9782897149802</subfield>
    <subfield code="q">(vol. 3)</subfield>
  </datafield>
  <datafield tag="040" ind1=" " ind2=" ">
    <subfield code="a">QMBN</subfield>
    <subfield code="b">fre</subfield>
    <subfield code="e">rda</subfield>
    <subfield code="c">QMBN</subfield>
    <subfield code="d">QMBND</subfield>
    <subfield code="d">QMBN</subfield>
  </datafield>
  <datafield tag="082" ind1="0" ind2="4">
    <subfield code="a">RJ T8661foe v.3</subfield>
    <subfield code="b">T866f</subfield>
    <subfield code="2">23/fre/202303</subfield>
    <subfield code="m">b</subfield>
  </datafield>
  <datafield tag="082" ind1="0" ind2="4">
    <subfield code="a">843/.92</subfield>
    <subfield code="b">T866f</subfield>
    <subfield code="2">23/fre/202303</subfield>
  </datafield>
  <datafield tag="082" ind1="0" ind2="4">
    <subfield code="a">C843/.92</subfield>
    <subfield code="b">T866f</subfield>
    <subfield code="2">23/fre/202303</subfield>
    <subfield code="m">b</subfield>
  </datafield>
  <datafield tag="084" ind1=" " ind2=" ">
    <subfield code="a">C848/.92</subfield>
    <subfield code="b">T866f</subfield>
    <subfield code="2">z</subfield>
  </datafield>
  <datafield tag="091" ind1="0" ind2=" ">
    <subfield code="a">TRU</subfield>
  </datafield>
  <datafield tag="100" ind1="1" ind2=" ">
    <subfield code="a">Trudeau, Catherine,</subfield>
    <subfield code="d">1975-</subfield>
    <subfield code="e">auteur</subfield>
  </datafield>
  <datafield tag="245" ind1="1" ind2="0">
    <subfield code="a">Folle &#xE9;cole /</subfield>
    <subfield code="c">[texte] Catherine Trudeau ; [illustrations] Jean-Philippe Morasse</subfield>
  </datafield>
  <datafield tag="264" ind1=" " ind2="1">
    <subfield code="a">Montr&#xEF;&#xBF;&#xBD;al (Qu&#xEF;&#xBF;&#xBD;bec) :</subfield>
    <subfield code="b">les &#xEF;&#xBF;&#xBD;ditions de la Bagnole,</subfield>
    <subfield code="c">[2023]-</subfield>
  </datafield>
  <datafield tag="300" ind1=" " ind2=" ">
    <subfield code="a">volumes :</subfield>
    <subfield code="b">illustrations ;</subfield>
    <subfield code="c">20 cm</subfield>
  </datafield>
  <datafield tag="336" ind1=" " ind2=" ">
    <subfield code="a">texte</subfield>
    <subfield code="b">txt</subfield>
    <subfield code="2">rdacontent</subfield>
  </datafield>
  <datafield tag="337" ind1=" " ind2=" ">
    <subfield code="a">sans m&#xEF;&#xBF;&#xBD;diation</subfield>
    <subfield code="b">n</subfield>
    <subfield code="2">rdamedia</subfield>
  </datafield>
  <datafield tag="338" ind1=" " ind2=" ">
    <subfield code="a">volume</subfield>
    <subfield code="b">nc</subfield>
    <subfield code="2">rdacarrier</subfield>
  </datafield>
  <datafield tag="490" ind1="1" ind2=" ">
    <subfield code="a">Je lis seul.e</subfield>
  </datafield>
  <datafield tag="500" ind1=" " ind2=" ">
    <subfield code="a">Dans le titre du volume 4, dans le mot "corrig&#xEF;&#xBF;&#xBD;", la lettre "&#xEF;&#xBF;&#xBD;" &#xEF;&#xBF;&#xBD; &#xEF;&#xBF;&#xBD;t&#xEF;&#xBF;&#xBD; ray&#xEF;&#xBF;&#xBD;e et une lettre "r" a &#xEF;&#xBF;&#xBD;t&#xEF;&#xBF;&#xBD; ajout&#xEF;&#xBF;&#xBD;e &#xEF;&#xBF;&#xBD; la fin du mot</subfield>
  </datafield>
  <datafield tag="505" ind1="1" ind2="0">
    <subfield code="g">1.</subfield>
    <subfield code="t">Passer un savon --</subfield>
    <subfield code="g">2.</subfield>
    <subfield code="t">Hiboux, choux, genoux... poux --</subfield>
    <subfield code="g">[3].</subfield>
    <subfield code="t">Souriez! Faut que &#xEF;&#xBF;&#xBD;a clique!</subfield>
    <subfield code="g">2024 --</subfield>
    <subfield code="g">[4].</subfield>
    <subfield code="t">Interdit de corriger!</subfield>
    <subfield code="g">2024 --</subfield>
    <subfield code="g">[5].</subfield>
    <subfield code="t">Cent talents.</subfield>
    <subfield code="g">2025</subfield>
  </datafield>
  <datafield tag="521" ind1=" " ind2=" ">
    <subfield code="a">Pour enfants de 7 ans et plus</subfield>
  </datafield>
  <datafield tag="650" ind1=" " ind2="7">
    <subfield code="a">&#xEF;&#xBF;&#xBD;coles</subfield>
    <subfield code="v">Romans, nouvelles, etc.</subfield>
    <subfield code="2">vmj</subfield>
  </datafield>
  <datafield tag="650" ind1=" " ind2="7">
    <subfield code="a">&#xEF;&#xBF;&#xBD;l&#xEF;&#xBF;&#xBD;ves</subfield>
    <subfield code="v">Romans, nouvelles, etc.</subfield>
    <subfield code="2">vmj</subfield>
  </datafield>
  <datafield tag="650" ind1=" " ind2="7">
    <subfield code="a">Enseignants</subfield>
    <subfield code="v">Romans, nouvelles, etc.</subfield>
    <subfield code="2">vmj</subfield>
  </datafield>
  <datafield tag="650" ind1=" " ind2="7">
    <subfield code="a">Excentricit&#xEF;&#xBF;&#xBD;</subfield>
    <subfield code="v">Romans, nouvelles, etc.</subfield>
    <subfield code="2">vmj</subfield>
  </datafield>
  <datafield tag="650" ind1=" " ind2="7">
    <subfield code="a">Pr&#xEF;&#xBF;&#xBD;sentation orale</subfield>
    <subfield code="v">Romans</subfield>
    <subfield code="2">vmj</subfield>
  </datafield>
  <datafield tag="650" ind1=" " ind2="7">
    <subfield code="a">Amiti&#xEF;&#xBF;&#xBD;</subfield>
    <subfield code="v">Romans, nouvelles, etc.</subfield>
    <subfield code="2">vmj</subfield>
  </datafield>
  <datafield tag="650" ind1=" " ind2="7">
    <subfield code="a">P&#xEF;&#xBF;&#xBD;res et fils</subfield>
    <subfield code="v">Romans, nouvelles, etc.</subfield>
    <subfield code="2">vmj</subfield>
  </datafield>
  <datafield tag="650" ind1=" " ind2="7">
    <subfield code="a">Poux</subfield>
    <subfield code="v">Romans, nouvelles, etc.</subfield>
    <subfield code="2">vmj</subfield>
  </datafield>
  <datafield tag="650" ind1=" " ind2="7">
    <subfield code="a">Parents</subfield>
    <subfield code="v">Romans, nouvelles, etc.</subfield>
    <subfield code="2">vmj</subfield>
  </datafield>
  <datafield tag="650" ind1=" " ind2="7">
    <subfield code="a">Gr&#xEF;&#xBF;&#xBD;ves et lock-out</subfield>
    <subfield code="v">Romans, nouvelles, etc.</subfield>
    <subfield code="2">vmj</subfield>
  </datafield>
  <datafield tag="650" ind1=" " ind2="7">
    <subfield code="a">Manifestations</subfield>
    <subfield code="v">Romans, nouvelles, etc.</subfield>
    <subfield code="2">vmj</subfield>
  </datafield>
  <datafield tag="650" ind1=" " ind2="7">
    <subfield code="a">Photographies</subfield>
    <subfield code="v">Romans, nouvelles, etc.</subfield>
    <subfield code="2">vmj</subfield>
  </datafield>
  <datafield tag="650" ind1=" " ind2="7">
    <subfield code="a">Parcs d'attractions</subfield>
    <subfield code="v">Romans, nouvelles, etc.</subfield>
    <subfield code="2">vmj</subfield>
  </datafield>
  <datafield tag="650" ind1=" " ind2="7">
    <subfield code="a">Man&#xEF;&#xBF;&#xBD;ges (Attractions)</subfield>
    <subfield code="v">Romans, nouvelles, etc.</subfield>
    <subfield code="2">vmj</subfield>
  </datafield>
  <datafield tag="650" ind1=" " ind2="7">
    <subfield code="a">Basket-ball</subfield>
    <subfield code="v">Romans, nouvelles, etc.</subfield>
    <subfield code="2">vmj</subfield>
  </datafield>
  <datafield tag="650" ind1=" " ind2="7">
    <subfield code="a">Tournois (Sports et jeux)</subfield>
    <subfield code="v">Romans, nouvelles, etc.</subfield>
    <subfield code="2">vmj</subfield>
  </datafield>
  <datafield tag="650" ind1=" " ind2="7">
    <subfield code="a">Objets perdus</subfield>
    <subfield code="v">Romans, nouvelles, etc.</subfield>
    <subfield code="2">vmj</subfield>
  </datafield>
  <datafield tag="650" ind1=" " ind2="7">
    <subfield code="a">Stylos-bille</subfield>
    <subfield code="v">Romans, nouvelles, etc.</subfield>
    <subfield code="2">vmj</subfield>
  </datafield>
  <datafield tag="650" ind1=" " ind2="7">
    <subfield code="a">Tromperie</subfield>
    <subfield code="v">Romans, nouvelles, etc.</subfield>
    <subfield code="2">vmj</subfield>
  </datafield>
  <datafield tag="655" ind1=" " ind2="7">
    <subfield code="a">Documents pour la jeunesse</subfield>
    <subfield code="2">rvmgf</subfield>
  </datafield>
  <datafield tag="655" ind1=" " ind2="7">
    <subfield code="a">Romans</subfield>
    <subfield code="2">rvmgf</subfield>
  </datafield>
  <datafield tag="700" ind1="1" ind2=" ">
    <subfield code="a">Morasse, Jean-Philippe,</subfield>
    <subfield code="d">1985-</subfield>
    <subfield code="e">illustrateur</subfield>
  </datafield>
  <datafield tag="740" ind1="0" ind2="2">
    <subfield code="a">Passer un savon</subfield>
  </datafield>
  <datafield tag="740" ind1="0" ind2="2">
    <subfield code="a">Hiboux, choux, genoux... poux</subfield>
  </datafield>
  <datafield tag="740" ind1="0" ind2="2">
    <subfield code="a">Souriez! Faut que &#xEF;&#xBF;&#xBD;a clique!</subfield>
  </datafield>
  <datafield tag="740" ind1="0" ind2="2">
    <subfield code="a">Interdit de corrig&#xEF;&#xBF;&#xBD;!</subfield>
  </datafield>
  <datafield tag="740" ind1="0" ind2="2">
    <subfield code="a">Interdit de corriger!</subfield>
  </datafield>
  <datafield tag="740" ind1="0" ind2="2">
    <subfield code="a">Cent talents</subfield>
  </datafield>
  <datafield tag="740" ind1="0" ind2="2">
    <subfield code="a">100 talents</subfield>
  </datafield>
  <datafield tag="830" ind1=" " ind2="0">
    <subfield code="a">Je lis seul.e</subfield>
  </datafield>
  <datafield tag="942" ind1=" " ind2=" ">
    <subfield code="2">ddc</subfield>
    <subfield code="c">ROM JEUNE</subfield>
  </datafield>
  <datafield tag="999" ind1=" " ind2=" ">
    <subfield code="c">18813</subfield>
    <subfield code="d">18813</subfield>
  </datafield>
  <datafield tag="952" ind1=" " ind2=" ">
    <subfield code="0">0</subfield>
    <subfield code="1">0</subfield>
    <subfield code="2">ddc</subfield>
    <subfield code="4">0</subfield>
    <subfield code="7">0</subfield>
    <subfield code="a">HENRYVILLE</subfield>
    <subfield code="b">HENRYVILLE</subfield>
    <subfield code="d">2026-03-31</subfield>
    <subfield code="l">0</subfield>
    <subfield code="o">RJ T8661foe v.3</subfield>
    <subfield code="p">30001030052783</subfield>
    <subfield code="r">2026-03-31 19:28:26</subfield>
    <subfield code="w">2026-03-31</subfield>
    <subfield code="y">ROM JEUNE</subfield>
    <subfield code="z">Souriez ! faut que &#xE7;a clique !</subfield>
  </datafield>
</record>
